00234nam a2200097Ia 4500001000800000005001700008008004100025020001800066245003400084260001800118128235220260417163703.0260417s9999 xx 000 0 und d a9786258099560 0aCezeri - İlk Robotun Mucidi bDokuz Çocuk